[Event "Summer Prague Open A 2020"]
[Site "Prague"]
[Date "2020.08.15"]
[Round "9.1"]
[White "Petr, Martin"]
[Black "Cernousek, Lukas"]
[Result "1-0"]
[WhiteElo "2464"]
[BlackElo "2458"]
[Annotator "TA"]
[PlyCount "75"]
[EventDate "2020.08.08"]
[EventCountry "CZE"]
[SourceTitle "playchess.com"]
[Source "ChessBase"]
[SourceQuality "1"]

{[%evp 19,75,43,28,15,49,47,47,54,50,58,53,48,40,29,43,30,43,39,45,57,55,35,40,47,35,22,106,116,96,86,89,81,116,108,173,134,137,140,269,262,418,418,417,411,414,411,402,389,667,639,600,601,695,660,725,725,662,662]} 1. e4 d6 2. d4 Nf6 3. Nc3 g6 4. Be3 c6 5. a4 Bg7 6. h3 O-O 7. Nf3 Qc7 8. Qd2 Nbd7 9. Be2 b6 10. O-O a6 11. Rfe1 {B08: Pirc Defence: Classical System.} e5 12. dxe5 dxe5 13. Red1 {White is slightly better.} Bb7 14. Qd6 Rfc8 15. Qxc7 Rxc7 16. Nd2 b5 17. f3 {[#]} Nh5 $146 ({Predecessor:} 17... Bf8 18. Nb3 Bb4 19. Na2 Be7 20. Nc3 Nh5 21. Bf2 Nf4 22. Bf1 b4 23. Nb1 Ne6 24. N1d2 Ndc5 25. Nxc5 Bxc5 26. Bxc5 Nxc5 27. Nb3 Nxb3 {½-½ (27) Aranovitch,E (2356)-Chatalbashev,B (2548) Bratto 2009}) 18. Nb3 $36 {[%cal Ra4b5][%mdl 2048] White is pushing.} Nf4 19. Bf1 Ne6 20. axb5 axb5 21. Rxa8+ Bxa8 22. Ra1 Rc8 (22... Bb7 $11 {remains equal.}) 23. Ra7 $16 Rd8 24. Na2 Bf8 25. c3 Bd6 26. h4 Kf8 (26... f5 $16) 27. g3 Ke8 28. Na5 Nc7 (28... Bc7 $16 29. Nc1 Kf8) 29. Nb4 $18 Bxb4 (29... f5 {was necessary.} 30. Nbxc6 Rc8 31. exf5 gxf5) 30. cxb4 Ne6 31. Bh3 Rb8 32. Bxe6 fxe6 33. Bc5 h5 $2 {[#]} (33... h6 34. Nb3 Rd8) 34. Kf2 {White is clearly winning.} Rc8 35. Ke3 Kd8 36. f4 Ke8 37. fxe5 Nxe5 38. Kf4 {Accuracy: White = 100%, Black = 45%.} 1-0

[Event "Summer Prague Open A 2020"]
[Site "Prague"]
[Date "2020.08.15"]
[Round "9.2"]
[White "Pozdnjakov, Viatcheslav"]
[Black "Plat, Vojtech"]
[Result "0-1"]
[WhiteElo "2300"]
[BlackElo "2562"]
[Annotator "TA"]
[PlyCount "104"]
[EventDate "2020.08.08"]
[EventCountry "CZE"]
[SourceTitle "playchess.com"]
[Source "ChessBase"]
[SourceQuality "1"]

{[%evp 14,104,0,0,0,0,-4,-59,-10,-13,-13,-10,-17,-19,1,-9,0,4,19,5,8,7,0,6,6,-14,-16,-23,-16,-19,-16,-20,-22,-75,-17,-27,-18,-72,-16,-89,-104,-90,-84,-75,-82,-79,-34,-63,-33,-37,-3,-60,-67,-82,-70,-158,-158,-158,-158,-157,-155,-152,-87,-95,-95,-90,-68,-61,-28,-86,-95,-93,-38,-145,-132,-145,-108,-104,-104,-354,-302,-322,-245,-459,-443,-755,-686,-4134,-2172,-6527,-6498,-6087,-4279]} 1. d4 Nf6 2. Nf3 g6 3. c4 Bg7 4. Nc3 d5 5. Bf4 O-O 6. Rc1 dxc4 7. e4 c5 8. dxc5 Qa5 {D92: Grünfeld: 4 Nf3 Bg7 5 Bf4.} 9. Nd2 Be6 10. Qa4 (10. Bxc4 $11 Bxc4 11. Nxc4 Qxc5 12. b3) 10... Qxc5 {Hoping for ...Ng4.Black is slightly better.} (10... Nc6 {looks sharper.} 11. Qxa5 Nxa5 12. Nf3 Nd7 13. Be3 Rac8) 11. Bxc4 Bxc4 12. Qxc4 {[#]} Qxc4 $146 ({Predecessor:} 12... Nbd7 13. Be3 Qh5 14. Qe2 Ne5 15. Qxh5 Nd3+ 16. Kf1 Nxh5 17. Rb1 Rfd8 18. g4 Nhf4 {1-0 (39) Zvolanek,L (2198)-Hronek,M (1866) Czech Republic 2017}) 13. Nxc4 Nbd7 14. f3 Rac8 15. b3 a6 16. Bd2 b5 17. Ne3 e6 18. Ke2 Ne5 19. Nb1 Nc6 $36 {[%mdl 2048] Black fights for an advantage.} 20. Bc3 b4 21. Bb2 Nh5 22. Bxg7 Nf4+ 23. Kf2 (23. Kf1 $11 Kxg7 24. g3) 23... Kxg7 (23... Nd3+ $17 24. Kg3 Kxg7) 24. Rhd1 $11 Ne5 25. Rc2 (25. Kf1 $11 {remains equal.}) 25... Nfd3+ (25... Ned3+ $1 $17 26. Kg1 Rxc2 27. Nxc2 Rc8) 26. Kf1 (26. Ke2 $1 $11) 26... Rxc2 $17 27. Nxc2 Rc8 28. Rd2 a5 29. Ne3 Rc1+ 30. Rd1 Rxd1+ (30... Rc5 {is more complex.} 31. Rd2 f5 32. exf5 exf5 33. Ke2 Rc1) 31. Nxd1 $15 {[%mdl 4096] Endgame KNN-KNN} Nc1 32. Nb2 ({Better is} 32. Ke1 $1 $11) 32... Nxa2 33. Nd2 Nc1 34. f4 (34. Ke1 $15) 34... Nc6 $1 $17 35. Nbc4 Nd3 36. g3 Nc5 37. Kf2 a4 ({Black should try} 37... f6 38. Ke3 e5) 38. bxa4 Nxa4 39. Nb3 Nc3 40. Ke3 f6 41. Nca5 (41. Kd3 $11) 41... Nxa5 42. Nxa5 {[#] KN-KN} g5 (42... f5 $1 $17 43. e5 Kh6) 43. f5 (43. fxg5 $1 $15 fxg5 44. Kd3) 43... Kf7 44. Kd3 exf5 45. exf5 h5 46. Nc6 $2 {This costs White the game.} (46. Nb3 $17 {is a better defense.}) 46... Nd5 $19 47. Nd4 {[#]} Ke7 $1 {[%cal Re7d6]} 48. Kc4 $2 (48. Ne6) 48... Kd6 {Black is clearly winning.} 49. h4 (49. Nf3 $142 Ne3+ 50. Kxb4) 49... g4 50. Nb5+ Ke5 51. Nd4 Ke4 52. Kc5 Ne3 {Accuracy: White = 48%, Black = 74%.} 0-1

[Event "Summer Prague Open A 2020"]
[Site "Prague"]
[Date "2020.08.15"]
[Round "9.3"]
[White "Christiansen, Johan-Sebastian"]
[Black "Sprenar, Petr"]
[Result "1-0"]
[WhiteElo "2612"]
[BlackElo "2257"]
[Annotator "TA"]
[PlyCount "85"]
[EventDate "2020.08.08"]
[EventCountry "CZE"]
[SourceTitle "playchess.com"]
[Source "ChessBase"]
[SourceQuality "1"]

{[%evp 11,85,33,46,3,52,47,50,41,45,12,13,18,32,0,43,37,53,41,158,149,152,137,134,112,100,100,106,89,108,104,78,93,141,145,156,168,155,136,181,161,206,170,157,151,179,173,204,147,152,98,268,263,256,242,264,251,261,259,250,245,246,231,223,201,439,444,434,427,577,568,564,487,1247,1229,1145,1132]} 1. e4 c5 2. Nf3 e6 3. d4 cxd4 4. Nxd4 Nc6 {[%cal Bb8c6,Bc6e5,Be5c4][%mdl 32]} 5. Nc3 Qc7 6. Be3 a6 7. Qf3 $1 {[%mdl 4] is recently more successful than 7.Qd2. B48: Sicilian: Taimanov: 5 Nc3 Qc7 6 Be3 a6 without Be2.} Ne5 8. Qg3 b5 9. O-O-O {White is slightly better.} Nf6 {Threatening ...b4.} 10. a3 (10. f4 $5 {[%cal Rf4e5]} Neg4 11. Bg1 $14) 10... Bb7 11. Bxb5 Rc8 $1 (11... axb5 $6 12. Ndxb5 Qb8 13. Bb6 $16) 12. Ba4 {Bf4 is the strong threat.} ({Much weaker is} 12. Bf4 Nh5 $17) 12... Nc4 13. Qxc7 Rxc7 {[#]} 14. Rhe1 $146 ({Predecessor:} 14. Bf4 e5 15. Bg3 exd4 16. Rxd4 Rc5 17. e5 Nd5 18. Nxd5 Bxd5 19. b4 Nb6 20. bxc5 Bxc5 {1-0 (66) Shyam,S (2527)-Fenil,S (2411) Pardubice 2018}) 14... Ng4 ({Better is} 14... Bd6 $14) 15. Bf4 $16 e5 16. Bg3 $36 {[%mdl 2048] White is on the roll.} Nb6 17. Nde2 {Threatens to win with h3.} h5 {Strongly threatening ...h4.} 18. h4 Nxa4 19. Nxa4 Bxe4 20. Nd4 {[%mdl 64] Pin} Bxg2 21. f3 Kd8 22. fxg4 Rc4 23. Bxe5 Rxa4 24. g5 Kc8 25. Rd3 {Black must now prevent Rc3+.} Rc4 26. Ree3 d6 27. Bg3 Kd7 28. b3 {[%cal Bb2b3,Bb3b4][%mdl 32]} Rc5 29. b4 Rc4 30. Nb3 (30. Kb2 $142) 30... d5 $2 {This costs Black the game.} (30... f5 $16) 31. Nd2 $18 Rg4 32. Re2 Bh1 33. Re1 $1 {[%cal Re1h1]} Bg2 {[#]} 34. Rg1 $1 {[%cal Rg1g2]} Bh3 35. Rxd5+ Kc6 {[#]} 36. Rd3 $1 a5 37. c3 ({Don't take} 37. bxa5 $6 Ra4) 37... f5 $2 (37... Be7 {is a better defense.} 38. Re1 (38. bxa5 Rd8 $14) 38... Rd8) 38. Nf3 {White is clearly winning.} Re4 39. Ne5+ Kb5 40. Rd5+ Ka4 41. Kc2 {[%csl Gb4][%cal Rd5a5]} axb4 (41... Re2+ $142 42. Kd3 Rg2) 42. axb4 {[%csl Gb4][%cal Rd5a5]} Re2+ 43. Kd3 {Accuracy: White = 84%, Black = 53%.} 1-0

[Event "Summer Prague Open A 2020"]
[Site "Prague"]
[Date "2020.08.15"]
[Round "9.4"]
[White "Roseneck, Jonas"]
[Black "Kratochvil, Vit"]
[Result "1-0"]
[WhiteElo "2416"]
[BlackElo "2205"]
[Annotator "ChessBase"]
[PlyCount "69"]
[EventDate "2020.08.08"]
[EventCountry "CZE"]
[SourceTitle "playchess.com"]
[Source "ChessBase"]
[SourceQuality "1"]
[TimeControl "40/5400+30:1800+30"]

1. e4 {[%emt 0:00:00]} c5 {[%emt 0:00:00]} 2. Nf3 {[%emt 0:00:00]} g6 {[%emt 0:00:00]} 3. d4 {[%emt 0:00:00]} cxd4 {[%emt 0:00:04]} 4. Nxd4 {[%emt 0:00:00]} Bg7 {[%emt 0:00:07]} 5. c4 {[%emt 0:01:44]} Nf6 {[%emt 0:04:20]} 6. Nc3 {[%emt 0:00:44]} d6 {[%emt 0:00:33]} 7. Be2 {[%emt 0:01:17]} O-O {[%emt 0:00:30]} 8. Be3 {[%emt 0:00:40]} Nc6 {[%emt 0:00:41]} 9. f3 {[%emt 0:00:16]} Bd7 {[%emt 0:06:19]} 10. Qd2 {[%emt 0:00:10]} Nxd4 {[%emt 0:00:46]} 11. Bxd4 {[%emt 0:01:29]} a5 {[%emt 0:04:48]} 12. h4 {[%emt 0:03:07]} a4 {[%emt 0:12:39]} 13. h5 {[%emt 0:04:59]} Qa5 {[%emt 0:09:02]} 14. g4 {[%emt 0:00:50]} Rac8 {[%emt 0:27:41]} 15. Kf2 {[%emt 0:13:26]} Be6 {[%emt 0:14:07]} 16. b3 {[%emt 0:03:50]} b5 {[%emt 0:05:08]} 17. h6 {[%emt 0:12:13]} Bh8 {[%emt 0:01:49]} 18. g5 {[%emt 0:03:40]} b4 {[%emt 0:04:33]} 19. gxf6 {[%emt 0:16:23]} bxc3 {[%emt 0:00:09]} 20. Bxc3 {[%emt 0:00:10]} Qb6+ {[%emt 0:00:57]} 21. Bd4 {[%emt 0:00:21]} Qd8 {[%emt 0:00:22]} 22. fxe7 {[%emt 0:01:11]} Qxe7 {[%emt 0:00:03]} 23. Bxh8 {[%emt 0:00:56]} Kxh8 {[%emt 0:00:02]} 24. Qd4+ {[%emt 0:00:21]} f6 {[%emt 0:00:09]} 25. Rad1 {[%emt 0:00:54]} Rc6 {[%emt 0:01:25]} 26. b4 {[%emt 0:04:39]} Qc7 {[%emt 0:03:02]} 27. b5 {[%emt 0:00:32]} Rb6 {[%emt 0:00:17]} 28. Rd2 {[%emt 0:00:51]} Kg8 {[%emt 0:02:10]} 29. f4 {[%emt 0:05:29]} f5 {[%emt 0:01:15]} 30. e5 {[%emt 0:01:03]} Rd8 {[%emt 0:01:24]} 31. c5 {[%emt 0:01:04]} Rbb8 {[%emt 0:00:12]} 32. exd6 {[%emt 0:00:19]} Qf7 {[%emt 0:00:17]} 33. c6 {[%emt 0:01:28]} Rbc8 {[%emt 0:00:08]} 34. d7 {[%emt 0:00:54]} Ra8 {[%emt 0:00:37]} 35. b6 {[%emt 0:00:45]} 1-0

[Event "Summer Prague Open A 2020"]
[Site "Prague"]
[Date "2020.08.15"]
[Round "9.6"]
[White "Houska, Jiri"]
[Black "Hrabusa, Matej"]
[Result "0-1"]
[WhiteElo "2202"]
[BlackElo "2350"]
[Annotator "TA"]
[PlyCount "84"]
[EventDate "2020.08.08"]
[EventCountry "CZE"]
[SourceTitle "playchess.com"]
[Source "ChessBase"]
[SourceQuality "1"]

{[%evp 19,84,0,0,-2,2,-13,-5,-8,-11,-17,-11,-11,-14,-16,0,0,0,0,0,-2,0,-9,0,0,0,0,16,-52,-52,-81,-81,-87,0,0,79,0,63,33,55,-70,-67,-107,-92,-104,-66,-70,-70,-72,-70,-82,0,0,0,0,0,-55,0,-143,-141,-137,-131,-585,-562,-439,-180,-29975,-29977]} 1. d4 Nf6 2. Nf3 e6 3. c4 Bb4+ 4. Bd2 Qe7 5. g3 Bxd2+ 6. Nbxd2 d6 7. Bg2 O-O 8. O-O e5 9. e4 Bg4 10. d5 a5 11. h3 {E11: Bogo-Indian.} Bd7 12. Ne1 Na6 {[#]} 13. Nd3 $146 {The position is equal.} ({Predecessor:} 13. a3 Nc5 14. b4 Na4 15. Qc2 b5 16. Nd3 c6 17. c5 cxd5 18. exd5 {1-0 (18) Bergmann,P (1838)-Ortiz de Latierro Olivella,A (800) LSS email 2009}) 13... c6 14. a3 cxd5 15. cxd5 a4 16. Qf3 Rfc8 17. Rfc1 Qd8 18. Bf1 h6 19. Qd1 Bb5 20. Nb4 Rxc1 21. Rxc1 Bxf1 22. Qxf1 Nc5 23. f3 (23. Qe2 $11) 23... Nh5 $1 $15 {[%cal Rh5g3]} 24. Qe1 Qg5 25. Nf1 Nf4 (25... f5 $17 {Strongly threatening ...fxe4.} 26. h4 Qg6 27. exf5 Qxf5) 26. Rc3 $11 Rf8 ({Much worse is} 26... Nxh3+ 27. Kh2 $14) (26... Nh5 $11) 27. Kh2 (27. h4 $16 Qg6 28. Ne3) 27... Nh5 (27... Ng6 $1 $11) 28. Ne3 $14 g6 29. g4 (29. Nc4 $1 $14) 29... Nf4 $15 30. Ng2 f5 31. exf5 Nxg2 32. Kxg2 gxf5 $40 {[%mdl 128] Black is up to no good.} 33. Nd3 fxg4 34. hxg4 Nb3 (34... Nxd3 $17 35. Rxd3 h5) 35. Nf2 $1 $11 Nd4 36. Ne4 Qg6 37. Rd3 ({White should try} 37. Ng3 $11) 37... Kh8 ({Black should play} 37... Rf4 $1 $15 38. Qh4 {[#]} Nxf3 $1 {[%mdl 512]} 39. Rxf3 Qxe4 40. Qd8+ {[%mdl 64] Double Attack} Kf7 $1 {[%mdl 512]} 41. Qd7+ Kg6 $1 {[%mdl 512]} 42. Qe8+ Kg5 43. Qh5+ Kf6 $1 {[%mdl 512]} 44. Qxh6+ Ke7 $1 {[%mdl 512]} 45. Qe6+ Kd8 $1 {[%mdl 512]} 46. Qxd6+ Kc8 47. Qc5+ Kb8 $1 {[%mdl 512]} 48. Qd6+ Ka7 $1 {[%mdl 512]} 49. Qc5+ Ka6 $1 {[%mdl 512]}) 38. Qd2 {[#]} (38. Qh4 $11 {remains equal.}) 38... Nxf3 $1 $17 {[%mdl 576] Remove Defender, Decoy} 39. Rxf3 Qxg4+ {[%mdl 64] Double Attack} 40. Rg3 $2 {[%mdl 8192]} (40. Kh2 $17 {nothing else works.} Rxf3 41. Qxh6+ Kg8 42. Nf6+ Rxf6 43. Qxf6) 40... Qxe4+ $19 41. Kg1 Qf4 (41... Rf4 $142 42. Rh3 Qb1+ 43. Kh2 Kh7) 42. Qg2 $2 {[#]} (42. Qxf4 $19 exf4 43. Rc3) 42... Qxg3 $1 {[%mdl 512] Accuracy: White = 56%, Black = 74%.} 0-1

[Event "Summer Prague Open A 2020"]
[Site "Prague"]
[Date "2020.08.15"]
[Round "9.7"]
[White "Miedema, David"]
[Black "Kasioumis, Vasilios"]
[Result "1/2-1/2"]
[WhiteElo "2382"]
[BlackElo "2277"]
[Annotator "TA"]
[PlyCount "135"]
[EventDate "2020.08.08"]
[EventCountry "CZE"]
[SourceTitle "playchess.com"]
[Source "ChessBase"]
[SourceQuality "1"]

{[%evp 9,135,0,0,0,-1,-14,-22,-74,-66,-66,-55,-100,7,-47,-56,-92,-66,-61,-58,-252,-157,-150,-141,-346,-356,-353,-347,-318,-290,-304,-117,-125,-133,-128,-110,-129,-88,-83,-52,-138,-128,-136,-138,-156,-126,-148,-135,-168,-135,-189,-175,-159,-93,-91,-92,-184,0,0,0,0,0,0,0,0,0,0,0,0,22,22,22,19,22,22,22,31,24,8,7,-106,-104,-107,-97,-264,-266,-273,-273,-250,-252,-264,-249,-240,-200,-206,-152,-155,-74,-74,-76,-75,-8,-109,-118,-100,-101,-114,-22,-22,0,0,0,-74,-22,-22,-22,-22,-20,-20,-20,-20,-18,-18,-18,-18,-14,-22,0,-22]} 1. c4 e6 2. e4 c5 3. Nc3 Nc6 4. Nge2 Nf6 5. g3 d5 6. cxd5 {A34: Symmetrical English: 2 Nc3, lines with ...d5.} exd5 7. exd5 Nb4 {[%cal Rb4d3]} 8. Bg2 (8. Nf4 $11) 8... Nd3+ $40 {[%mdl 1152] Black has strong compensation. Black has some attack.} 9. Kf1 {[#]} Bd7 $146 ({Predecessor:} 9... Bd6 10. Qb3 O-O 11. Ne4 Nxe4 12. Bxe4 Bh3+ 13. Bg2 Bf5 14. f4 c4 15. Qxb7 Re8 16. h3 Rxe2 {0-1 (16) Goldgewicht,L (2240)-Stoering,V (2280) Gifhorn 1992}) 10. Qb3 Ng4 (10... Rc8 $1 $17 11. Qc4 (11. Qxb7 c4 $15) 11... Ne5) 11. Nd1 (11. Ne4 $11 c4 12. Qxc4 (12. Qxb7 Rb8 $17)) 11... Nge5 $15 12. f4 c4 13. Qc2 $1 Qf6 14. Nf2 $2 (14. Nec3 $15) 14... Qb6 {[%csl Gd3][%cal Rb6f2]} 15. Nd1 Ng4 $1 16. Qxc4 $2 (16. Ne3 $17) 16... Ngf2 $1 $19 17. Ne3 Rc8 18. Qb3 {intending Qxb6.} Qa6 19. d6 Nc5 $2 ({Less strong is} 19... Nxh1 20. Bxb7 Nxc1 21. Bxa6 $15) (19... Qxd6 20. Rg1 $17) (19... Rxc1+ $19 {and Black stays clearly on top.} 20. Rxc1 Nxc1) 20. Qa3 Qxa3 21. bxa3 Nxh1 22. Bxh1 Bxd6 23. d4 Nd3 {And now ...0-0 would win.} 24. Bxb7 ({White should try} 24. Bd2 $1 $15) 24... Rc7 25. Ba6 Nxc1 26. Nxc1 Rc6 27. Bd3 O-O 28. Nb3 Re8 29. Kf2 (29. Nc4 $17 {was worth a try.}) 29... Rc3 30. Rd1 Rec8 (30... Ba4 $142 31. Nc4 Bf8) 31. Nd5 $17 R3c6 32. Nc5 (32. a4 $17) 32... Rxc5 $2 (32... Bxc5 $19 33. dxc5 Kf8) 33. dxc5 $11 Bxc5+ {[%mdl 64] Double Attack} 34. Kf3 h5 35. f5 Bxa3 36. Be4 Bb5 37. Nf4 Rc3+ 38. Kg2 Kf8 39. Rd8+ Ke7 40. Ra8 Kd6 41. Rxa7 Bc4 42. Nxh5 Ke5 43. Bb1 Bc5 $1 {[%cal Rc5a7]} 44. Ra5 (44. Rd7 $1 $11) 44... Kd4 $1 $17 45. Nxg7 {With the idea f6.} Rc1 46. f6 $2 (46. Rxc5 $17 {was the only chance.} Kxc5 47. Be4) 46... Bd5+ $19 ({Stronger than} 46... Rxb1 47. Nf5+ Kd5 48. Ne3+ Kd4 49. Nf5+ Kd5 50. Ne3+ Kd4 51. Nf5+ $11) 47. Kh3 Rxb1 48. Nf5+ Kc4 49. Ra4+ Kb5 50. Rf4 Bxa2 51. Kg4 Bb4 52. h4 Be6 (52... Kc5 $142 {...Rb2 is the strong threat.} 53. Rf2 Be6) 53. Kh5 $17 Kc5 {Threatens to win with ...Rd1.} 54. g4 Kd5 (54... Bd2 $17 55. Rf2 Bc3) 55. Nd4 (55. Ne7+ $1 $11 Kd6 56. g5) 55... Bd7 56. Nf3 {next Rd4+ is good for White.} Bc5 57. Ng5 {[#]} Bd6 ({Better is} 57... Bf8 $1 $17 {Hoping for ...Rb7.} 58. Rf2 Rb7 59. Rd2+ Ke5 60. Nxf7+ Kxf6) 58. Rf2 $1 $11 {[%cal Rf2d2] Black must now prevent Rd2+.} Rg1 59. Rd2+ Kc6 60. Rd4 {[#]} (60. Nxf7 $11 {keeps the balance.} Bxg4+ 61. Kg6 Bd1+ 62. Ng5) 60... Be5 {[#]} ({Black should play} 60... Kc5 $1 $17 {[%cal Rc5d4]} 61. Re4 Kd5) 61. Rxd7 $1 {[%mdl 512] The position is equal.} Kxd7 62. Nf3 Ra1 63. Nxe5+ Ke6 {[%mdl 64] Double Attack} 64. Nf3 Kxf6 65. g5+ Kf5 66. Nd4+ Ke5 67. Nc6+ Kd5 68. Ne7+ {Black had all chances to win. Accuracy: White = 63%, Black = 65%.} 1/2-1/2

[Event "Summer Prague Open A 2020"]
[Site "Prague"]
[Date "2020.08.15"]
[Round "9.8"]
[White "Buchenau, Frank"]
[Black "Michalczak, Thomas"]
[Result "1/2-1/2"]
[WhiteElo "2278"]
[BlackElo "2245"]
[Annotator "TA"]
[PlyCount "103"]
[EventDate "2020.08.08"]
[EventCountry "CZE"]
[SourceTitle "playchess.com"]
[Source "ChessBase"]
[SourceQuality "1"]

{[%evp 22,103,47,27,22,13,16,22,42,0,0,0,0,0,16,11,36,-77,-69,-55,-56,-54,-72,-53,-67,-27,0,0,12,12,10,9,9,9,9,9,9,12,39,39,39,39,39,39,39,37,39,39,39,39,39,37,37,22,69,68,65,24,24,24,24,24,31,24,24,4,24,0,0,0,0,0,0,0,0,0,0,0,0,0,0,0,0,0]} 1. e4 c5 2. Nf3 a6 3. c3 d5 4. exd5 Qxd5 5. d4 Nf6 6. Be3 cxd4 7. cxd4 e6 8. Nc3 Qd6 9. Bd3 Be7 10. O-O Nc6 11. a3 O-O 12. Rc1 b5 {B22: Sicilian: 2 c3.} 13. Ne4 Nxe4 14. Bxe4 Bb7 15. Qc2 {[%cal Re4c6]} Rac8 16. Bxh7+ Kh8 {[#] ...Nxd4 is the strong threat.} 17. Qb1 f5 18. Bg6 Rf6 {[#]} 19. Rxc6 $146 (19. Nh4 $14 {keeps the upper hand.} Kg8 20. d5) ({Predecessor:} 19. Ng5 Rcf8 20. Bh5 Nxd4 21. Rfd1 e5 22. Bxd4 exd4 23. Qd3 Rh6 24. Nf7+ Rxf7 25. Bxf7 Qxh2+ {0-1 (33) Zlatin,A (1783)-Klein,B (2097) Jerusalem 2013}) 19... Qxc6 20. Rc1 Qd5 $1 ({But not} 20... Rxg6 $6 21. Rxc6 Bxc6 22. Qd1 $14) 21. Rxc8+ Bxc8 22. Ne5 Bb7 {[%csl Gb7][%cal Rd5g2] [#]} 23. f3 {Hoping for Qe1.} Bd6 (23... Kg8 $5 {[%cal Re7d6]} 24. Qe1 Rf8 $15) 24. Qe1 $1 {[%cal Re1h4] Qh4+ would kill now.} Rxg6 (24... Kg8 $5 25. Qh4 $8 Rxg6 26. Nxg6 Qb3 $11) 25. Nxg6+ Kh7 26. Ne5 Bxe5 27. dxe5 Qxe5 28. Qh4+ Kg8 29. Bd4 Qd5 30. Qf4 Kh7 31. h4 (31. b4 {seems wilder.} Bc6 32. h3 Qd7 33. Kh2 Kg8 34. Qe5) 31... Bc6 32. Bc3 Qd7 33. Qg5 Bd5 34. h5 {aiming for Qg6+.} Qf7 35. Kh2 Bc4 36. Be5 a5 37. Kg3 b4 38. axb4 axb4 39. Kh4 (39. h6 $5 gxh6 40. Qf4 $16) 39... Bd5 40. Qd8 b3 41. Bc3 Bc4 42. Qd4 Qe7+ 43. Kg3 Bd5 44. Kf4 Kh6 {The position is equal.} 45. g4 fxg4 46. fxg4 Qf7+ 47. Ke3 $1 Qf3+ 48. Kd2 {[%csl Gc3][%cal Rd4g7]} Qg2+ 49. Ke1 {[%csl Gc3][%cal Rd4g7]} Qg3+ 50. Kd2 {[%csl Gc3][%cal Rd4g7]} Qg2+ 51. Ke1 {[%csl Gc3][%cal Rd4g7]} Qg3+ 52. Kd2 {Accuracy: White = 87%, Black = 86%.} 1/2-1/2

[Event "Summer Prague Open A 2020"]
[Site "Prague"]
[Date "2020.08.15"]
[Round "9.9"]
[White "Mladek, Richard"]
[Black "Richter, Philipp"]
[Result "1/2-1/2"]
[WhiteElo "2280"]
[BlackElo "2127"]
[Annotator "ChessBase"]
[PlyCount "70"]
[EventDate "2020.08.08"]
[EventCountry "CZE"]
[SourceTitle "playchess.com"]
[Source "ChessBase"]
[SourceQuality "1"]
[TimeControl "40/5400+30:1800+30"]

1. e4 {[%emt 0:00:00]} e6 {[%emt 0:00:00]} 2. d4 {[%emt 0:00:00]} d5 {[%emt 0:00:00]} 3. Nd2 {[%emt 0:00:00]} Nf6 {[%emt 0:00:00]} 4. e5 {[%emt 0:00:00]} Nfd7 {[%emt 0:00:00]} 5. Bd3 {[%emt 0:00:00]} c5 {[%emt 0:00:00]} 6. c3 {[%emt 0:00:00]} Nc6 {[%emt 0:00:00]} 7. Ngf3 {[%emt 0:00:02]} g6 {[%emt 0:00:00]} 8. O-O {[%emt 0:00:42]} Bg7 {[%emt 0:00:03]} 9. Re1 {[%emt 0:00:49]} O-O {[%emt 0:00:05]} 10. a3 {[%emt 0:05:42]} Qb6 {[%emt 0:00:30]} 11. b4 {[%emt 0:00:36]} cxd4 {[%emt 0:00:15]} 12. cxd4 {[%emt 0:00:03]} Nxd4 {[%emt 0:00:28]} 13. Bb2 {[%emt 0:00:37]} Nc6 {[%emt 0:00:44]} 14. b5 {[%emt 0:02:47]} Nc5 {[%emt 0:01:16]} 15. Bf1 {[%emt 0:01:16]} a6 {[%emt 0:03:04]} 16. a4 {[%emt 0:05:53]} axb5 {[%emt 0:04:23]} 17. axb5 {[%emt 0:00:03]} Rxa1 {[%emt 0:00:11]} 18. Bxa1 {[%emt 0:00:33]} Ne7 {[%emt 0:02:59]} 19. Qc2 {[%emt 0:00:51]} Nd7 {[%emt 0:02:30]} 20. Nb3 {[%emt 0:01:24]} f6 {[%emt 0:03:09]} 21. Bd4 {[%emt 0:00:30]} Qd8 {[%emt 0:00:14]} 22. exf6 {[%emt 0:06:27]} Nxf6 {[%emt 0:00:11]} 23. Nc5 {[%emt 0:08:22]} Nf5 {[%emt 0:05:22]} 24. Nxe6 {[%emt 0:01:57]} Bxe6 {[%emt 0:00:14]} 25. Rxe6 {[%emt 0:00:13]} Nxd4 {[%emt 0:01:11]} 26. Nxd4 {[%emt 0:00:02]} Ne4 {[%emt 0:01:29]} 27. Rxe4 {[%emt 0:03:38]} dxe4 {[%emt 0:00:18]} 28. Bc4+ {[%emt 0:01:04]} Kh8 {[%emt 0:00:08]} 29. Ne6 {[%emt 0:00:38]} Qe7 {[%emt 0:01:30]} 30. Nxf8 {[%emt 0:00:07]} Bxf8 {[%emt 0:00:10]} 31. Qd2 {[%emt 0:07:51]} Qe5 {[%emt 0:09:09]} 32. Qd8 {[%emt 0:04:37]} Kg7 {[%emt 0:01:05]} 33. Qd7+ {[%emt 0:01:26]} Kh6 {[%emt 0:03:02]} 34. Qh3+ {[%emt 0:05:33]} Kg7 {[%emt 0:01:05]} 35. Qd7+ {[%emt 0:00:07]} Kh6 {[%emt 0:00:11]} 1/2-1/2

[Event "Summer Prague Open A 2020"]
[Site "Prague"]
[Date "2020.08.15"]
[Round "9.10"]
[White "Defromont, Benjamin"]
[Black "Csiki, Endre"]
[Result "1/2-1/2"]
[WhiteElo "2236"]
[BlackElo "2266"]
[Annotator "ChessBase"]
[PlyCount "56"]
[EventDate "2020.08.08"]
[EventCountry "CZE"]
[SourceTitle "playchess.com"]
[Source "ChessBase"]
[SourceQuality "1"]
[TimeControl "40/5400+30:1800+30"]

1. e4 e5 2. Nf3 Nc6 3. Nc3 Nf6 4. d4 exd4 5. Nxd4 Bb4 6. Nxc6 bxc6 7. Bd3 d5 8. exd5 O-O 9. O-O cxd5 10. Qf3 c6 11. Bg5 Be7 12. h3 Be6 13. Ne2 h6 14. Bf4 c5 15. Ng3 Bd6 16. Rfe1 Bxf4 17. Qxf4 Qb8 18. Qxb8 Raxb8 19. b3 Rfe8 20. Rad1 Kf8 21. Be2 Bd7 22. Bf3 Rxe1+ 23. Rxe1 Re8 24. Rxe8+ Kxe8 25. Nh5 Nxh5 26. Bxh5 Bf5 27. Bf3 Bxc2 28. Bxd5 Ke7 1/2-1/2

[Event "Summer Prague Open A 2020"]
[Site "Prague"]
[Date "2020.08.15"]
[Round "9.11"]
[White "Slampa, Jan"]
[Black "Marakovits, Nico"]
[Result "1-0"]
[WhiteElo "2264"]
[BlackElo "2105"]
[Annotator "ChessBase"]
[PlyCount "77"]
[EventDate "2020.08.08"]
[EventCountry "CZE"]
[SourceTitle "playchess.com"]
[Source "ChessBase"]
[SourceQuality "1"]
[TimeControl "40/5400+30:1800+30"]

1. e4 c5 2. Nf3 Nc6 3. Nc3 e5 4. Bc4 d6 5. d3 Be7 6. Be3 Nf6 7. h3 h6 8. a3 a6 9. Nd5 Nd4 10. Nh2 Nxd5 11. Bxd5 O-O 12. c3 Ne6 13. Qd2 Bg5 14. O-O Bxe3 15. fxe3 Nc7 16. Ba2 Be6 17. b4 cxb4 18. axb4 d5 19. exd5 Bxd5 20. c4 Be6 21. Qc3 Qg5 22. Rf3 Rac8 23. Kh1 Nb5 24. Qe1 Nd6 25. Rg3 Qe7 26. e4 b5 27. c5 Ne8 28. Ng4 Bxg4 29. Rxg4 Nf6 30. Qh4 Rc7 31. Rg3 Kh7 32. Rf1 a5 33. Rgf3 Rc6 34. g4 Nd5 35. Qxe7 Nxe7 36. Rxf7 Rxf7 37. Rxf7 Ng6 38. Bd5 Rc8 39. Bb7 1-0